000 00897nam a22002537a 4500
001 3481
003 FISKH
005 20240312132604.0
008 240312b cb ||||| |||| 00| 0 eng d
040 _aFISK
_beng
_cFISK
_dFISK
050 _aPZ7.C6837
082 _a813.6
100 _aCollins Suzanne
_d1962-
245 _aCatching fire /
_cSuzanne Collins
260 _aLondon :
_bScholastic,
_c2009
300 _a439 pages :
_c21 cm
490 _3The hunger games /
_aBook 2
505 _aO
520 _aBy winning the annual Hunger Games, District 12 tributes Katniss Everdeen and Peeta Mellark have secured a life of safety and plenty for themselves and their families, but because they won by defying the rules, they unwittingly become the faces of an impending rebellion.
521 8 _a820
_bLexile
700 _aSuzanne Collins
942 _2ddc
_cBK
_n0
999 _c3481
_d3481